<?xml version="1.0" encoding="UTF-8"?>
<record
    xmlns:xsi="http://www.w3.org/2001/XMLSchema-instance"
    xsi:schemaLocation="http://www.loc.gov/MARC21/slim http://www.loc.gov/standards/marcxml/schema/MARC21slim.xsd"
    xmlns="http://www.loc.gov/MARC21/slim">

  <leader>01870nam a2200229 a 4500</leader>
  <controlfield tag="001">000047911</controlfield>
  <controlfield tag="005">20201002060815.0</controlfield>
  <controlfield tag="008">181003s20uu    dr            000 0 spa d</controlfield>
  <datafield tag="040" ind1=" " ind2=" ">
    <subfield code="a">DO-SdBNP</subfield>
    <subfield code="b">spa</subfield>
    <subfield code="c">BNPHU</subfield>
  </datafield>
  <datafield tag="082" ind1=" " ind2=" ">
    <subfield code="a">xxx</subfield>
    <subfield code="b">xxx</subfield>
  </datafield>
  <datafield tag="100" ind1="1" ind2=" ">
    <subfield code="a">Pe&#xF1;ate Rivero, Orlando</subfield>
    <subfield code="9">75472</subfield>
  </datafield>
  <datafield tag="245" ind1="1" ind2="0">
    <subfield code="a">Orden econ&#xF3;mico y seguridad social ; El futuro de la seguridad social en Am&#xE9;rica Latina /</subfield>
    <subfield code="c">Pe&#xF1;ate Rivero, Orlando ; pr&#xF3;logo Rafael Alburquerque.</subfield>
  </datafield>
  <datafield tag="260" ind1=" " ind2=" ">
    <subfield code="a">[Santo Domingo], :</subfield>
    <subfield code="b">[CERSS ],</subfield>
    <subfield code="c">[200-?].</subfield>
  </datafield>
  <datafield tag="300" ind1=" " ind2=" ">
    <subfield code="a">84 p. ;</subfield>
    <subfield code="c">24 cm.</subfield>
  </datafield>
  <datafield tag="500" ind1=" " ind2=" ">
    <subfield code="a">Incluye datos biogr&#xE1;ficos del autor p. 84</subfield>
  </datafield>
  <datafield tag="504" ind1=" " ind2=" ">
    <subfield code="a">Bibliograf&#xED;a : p. 82-83</subfield>
  </datafield>
  <datafield tag="505" ind1="0" ind2=" ">
    <subfield code="a">Pr&#xF3;logo /</subfield>
    <subfield code="r">Rafael Alburquerque --</subfield>
    <subfield code="t">Presentaci&#xF3;n --</subfield>
    <subfield code="t">Introducci&#xF3;n --</subfield>
    <subfield code="t">Atecedentes hist&#xF3;ricos de la seguridad social --</subfield>
    <subfield code="t">Seguridad social --</subfield>
    <subfield code="t">Disficultades para fijar el concepto de seguridad social --</subfield>
    <subfield code="t">Algunas definiciones de seguridad social --</subfield>
    <subfield code="t">Deliniaci&#xF3;n de un concepto --</subfield>
    <subfield code="t">Seguridad social : un derecho humano --</subfield>
    <subfield code="t">Principios de la seguridad social --</subfield>
    <subfield code="t">Seguridad social y sistema econ&#xF3;mico --</subfield>
    <subfield code="t">El estado de bienestar --</subfield>
    <subfield code="t">La crisis del estado de bienestar --</subfield>
    <subfield code="t">Situaci&#xF3;n y tendencias del los sistemas de seguridad social en el contexto de las crisis que atraviesa el estado de bienestar --</subfield>
    <subfield code="t">Situaci&#xF3;n y tendencias de la seguridad social en Europa --</subfield>
    <subfield code="t">La seguridad social en Am&#xE9;rica Latina --</subfield>
    <subfield code="t">Antecedentes hist&#xF3;ricos --</subfield>
    <subfield code="t">Situaci&#xF3;n y tendencias actuales de la seguridad social en Am&#xE9;rica Latina --</subfield>
    <subfield code="t">La seuguridad social en Cuba --</subfield>
    <subfield code="t">Los seguros sociales antes del triunfo de la revoluci&#xF3;n --</subfield>
    <subfield code="t">De los seguros sociales a la seguridad social --</subfield>
    <subfield code="t">Seguridad social para todos --</subfield>
    <subfield code="t">Bibliograf&#xED;a.</subfield>
  </datafield>
  <datafield tag="563" ind1=" " ind2=" ">
    <subfield code="a">Dos obras encuadernadas juntas con p&#xE1;ginaci&#xF3;n continua</subfield>
  </datafield>
  <datafield tag="590" ind1=" " ind2=" ">
    <subfield code="a">Inventariado, 2019/ VM</subfield>
  </datafield>
  <datafield tag="700" ind1="1" ind2=" ">
    <subfield code="a">Alburquerque, Rafael</subfield>
    <subfield code="e">pr&#xF3;l.</subfield>
    <subfield code="9">7243</subfield>
  </datafield>
  <datafield tag="740" ind1="3" ind2=" ">
    <subfield code="a">El futuro de la seguridad social en Am&#xE9;rica Latina</subfield>
  </datafield>
  <datafield tag="952" ind1=" " ind2=" ">
    <subfield code="0">0</subfield>
    <subfield code="1">0</subfield>
    <subfield code="7">1</subfield>
    <subfield code="8">PD</subfield>
    <subfield code="a">PD</subfield>
    <subfield code="b">PD</subfield>
    <subfield code="c">HD</subfield>
    <subfield code="d">2018-10-03</subfield>
    <subfield code="i">LF1</subfield>
    <subfield code="l">0</subfield>
    <subfield code="o">xxx xxx</subfield>
    <subfield code="p">47911-10</subfield>
    <subfield code="r">2020-06-25</subfield>
    <subfield code="w">2020-06-25</subfield>
    <subfield code="y">LFPD</subfield>
    <subfield code="Z">No se presta</subfield>
  </datafield>
  <datafield tag="999" ind1=" " ind2=" ">
    <subfield code="c">47399</subfield>
    <subfield code="d">47399</subfield>
  </datafield>
</record>
